Catálogo Biblioteca Central

Los Pazos de Ulloa (Registro nro. 229149)

Detalles MARC
000 -CABECERA
campo de control de longitud fija 00335 a2200145 4500
001 - NÚMERO DE CONTROL
campo de control 229149
003 - IDENTIFICADOR DEL NÚMERO DE CONTROL
campo de control ES-MaBCM
005 - FECHA Y HORA DE LA ÚLTIMA TRANSACCIÓN
campo de control 20241119100440.0
008 - CÓDIGOS DE INFORMACIÓN DE LONGITUD FIJA
campo de control de longitud fija 241119b sp ||||| |||| 00| 0 spa d
040 ## - FUENTE DE LA CATALOGACIÓN
Centro transcriptor ES-MaBCM
243 ## - TÍTULO UNIFORME COLECTIVO
Título uniforme <a href="Los Pazos de Ulloa">Los Pazos de Ulloa</a>
245 ## - MENCIÓN DE TÍTULO
Título Los Pazos de Ulloa
260 ## - PUBLICACIÓN, DISTRIBUCIÓN, ETC. (PIE DE IMPRENTA)
Nombre del editor distribuidor etc. Edicións do Norte
942 ## - ELEMENTOS DE PUNTO DE ACCESO ADICIONAL (KOHA)
Tipo de ítem Koha Artículos de revistas
Fuente del sistema de clasificación o colocación Universal Decimal Classification

No hay ítems disponibles.